000 00351 a2200169 4500
001 69507
020 _a8504008983
040 _cAnchieta - Itaigara
100 _aCarrasco, Walcyr
240 1 0 _aCarolina
_lpor
245 1 0 _aCarolina
300 _a24
362 0 _a2005
440 1 _aNacional
650 4 _aLiteratura infanto-juvenil
942 _cBK
999 _c69507
_d69507